CHEMISTRY FOR CLASS 11th VOL-1 (Record no. 154113)

MARC details
000 -LEADER
fixed length control field 00353nam a2200145Ia 4500
008 - FIXED-LENGTH DATA ELEMENTS--GENERAL INFORMATION
fixed length control field 220919s9999 xx 000 0 und d
020 ## - INTERNATIONAL STANDARD BOOK NUMBER
International Standard Book Number 8-903072-70136
082 ## - DEWEY DECIMAL CLASSIFICATION NUMBER
Item number JAU
100 ## - MAIN ENTRY--PERSONAL NAME
Personal name JAUHAR, S.P.
245 #0 - TITLE STATEMENT
Title CHEMISTRY FOR CLASS 11th VOL-1
260 ## - PUBLICATION, DISTRIBUTION, ETC.
Name of publisher, distributor, etc. MODERN PUBLISHERS, JALANDHAR
Date of publication, distribution, etc. 2013
300 ## - PHYSICAL DESCRIPTION
Extent 844
650 ## - SUBJECT ADDED ENTRY--TOPICAL TERM
Topical term or geographic name entry element Chemistry
942 ## - ADDED ENTRY ELEMENTS (KOHA)
Koha item type Book
Holdings
Withdrawn status Lost status Damaged status Not for loan Home library Current library Shelving location Date acquired Cost, normal purchase price Total Checkouts Total Renewals Full call number Barcode Date last seen Date last checked out Price effective from Koha item type Public note
        Mewar University Central Library Mewar University Central Library Engineering 14/11/2014 780.00 7   540 JAU-C 15125 25/05/2023 10/05/2023 14/11/2014 Reference Science R-22 S-1